| 000 | 00647cam a22002172 4500 | ||
|---|---|---|---|
| 001 | 0000020488 | ||
| 005 | 20151217145924.0 | ||
| 008 | 110920s xx 000 0 eng d | ||
| 020 | _a8178298955 : | ||
| 040 |
_aKABU _cKABU |
||
| 100 | 1 |
_aDas, J, P. _@0000180916 |
|
| 245 | 1 | 0 |
_aReading difficulties and dyslexia : _ban interpretation for teachers / _cJ.P. Das. |
| 250 | _a1st ed. | ||
| 260 |
_aLondon : _bSage, _c2009. |
||
| 300 | _axvii, 199 p. | ||
| 650 | 0 |
_aReading _xRemedial teaching. _@0000157215 |
|
| 650 | 0 |
_aDyslexia. _@0000180917 |
|
| 852 | 1 | _9p2129.5 | |
| 908 | _a110920 | ||
| 950 | _@1 | ||
| 999 |
_c4120 _d4120 |
||